Missing Word: Top Grossing Movies (1991) Quiz Stats

 Plays Quiz Updated Jan 16, 2015

Challenge
Share
Tweet
Embed
Score 0/20 Timer 02:00
1 Play Today
Movie Missing Word % Correct
Beauty and the ______Beast
98.7%
J_KF
98.4%
The Addams ______Family
98.4%
The _______ of the LambsSilence
97.5%
____ SlickersCity
88.4%
Fried _____ TomatoesGreen
87.7%
__________ 2: Judgment DayTerminator
86.6%
________ with the EnemySleeping
85.1%
Robin Hood: ______ of ThievesPrince
84.4%
____ FearCape
67.4%
Movie Missing Word % Correct
Problem _____ 2Child
66.9%
_____ CanyonGrand
62.3%
Point _____Break
61.7%
An American ____: Fievel Goes WestTail
57.8%
Hot _____!Shots
51.4%
Jungle _____Fever
48.4%
____ RalphKing
42.4%
Dying _____Young
31.3%
Star Trek VI: The Undiscovered _______Country
27.1%
The ____ WayHard
11.5%

Today's Daily Dose

You're not logged in!

Compare scores with friends on all Sporcle quizzes.
Join for Free
OR
Log In

You Might Also Like...

Show Comments

Extras

Top Quizzes Today


Score Distribution

Your Account Isn't Verified!

In order to create a playlist on Sporcle, you need to verify the email address you used during registration. Go to your Sporcle Settings to finish the process.

Report this User

Report this user for behavior that violates our Community Guidelines.

Details: